000 00517nam a22001937a 4500
999 _c8099
_d8099
003 OSt
005 20230322150644.0
008 230322b ||||| |||| 00| 0 eng d
020 _a0727907573
040 _cddc
082 _aW20.5F39 1993
100 _aSteven Lock.
_916508
245 _aFraud and Misconduct in medical Research.
260 _aLondon,
_bBMJ Publishing Group.
_c1993
300 _aix,202p;
_bill.
_c26cm.
504 _aincludes index and appendix
650 _amedical.
_96393
942 _2ddc
_cO_SHELF